AFL Venues - Statistics

General Stats
  • This quiz has been taken 205 times
  • The average score is 7 of 42
Answer Stats
Answer % Correct
1 Melbourne Cricket Ground
92%
6 Sydney Cricket Ground
77%
5 Adelaide Oval
72%
11 Gabba
63%
2 Etihad Stadium
56%
9 Metricon Stadium
43%
4 Domain Stadium
35%
7 Spotless Stadium
28%
8 Blundstone Arena
23%
18 TIO Stadium
21%
24 AAMI Stadium
18%
15 Manuka Oval
18%
20 WACA
17%
14 Princes Park
16%
16 Simonds Stadium
15%
29 Victoria Park
14%
17 ANZ Stadium
13%
19 Arden Street
13%
32 Windy Hill
13%
28 Punt Road Oval
12%
31 Whitten Oval
12%
10 Aurora Stadium
10%
30 Waverley Park
9%
26 Junction Oval
7%
13 Cazalys Stadium
6%
25 Glenferrie Oval
6%
27 Moorabbin Oval
5%
12 Traeger Park
5%
38 North Hobart Oval
3%
41 Yarraville Oval
3%
23 East Melbourne Cricket Ground
2%
33 Albury Oval
1%
43 Brisbane Cricket Ground
1%
35 Bruce Stadium
1%
21 Brunswick Street Oval
1%
40 Westpac Stadium
1%
42 Yallourn Oval
1%
34 Blacktown Stadium
0%
37 Brisbane Exhibition Ground
0%
22 Coburg City Oval
0%
36 Eurora Oval
0%
39 Toorak Park
0%
No matching quizzes found
Score Distribution
Percent of People with Each Score
Percentile by Number Answered
Your Score History
You have not taken this quiz